000 00424nam a22001577a 4500
005 20251108165944.0
008 250721s9999 xx 000 0 ara d
082 1 4 _aط/ق/غسا
100 1 _aسلق، غسان
245 1 0 _aعدنان و البحر /
264 1 _aبيروت :
_bدار الشرق العربي،
_c[19-].
300 _a16ص
650 1 7 _aالقصص العربية
942 _2ddc
_cBK
999 _c35825
_d35825